| 000 | 00442nam a2200157Ia 4500 | ||
|---|---|---|---|
| 999 |
_c7044 _d7044 |
||
| 003 | OSt | ||
| 005 | 20200118122419.0 | ||
| 008 | 190216s9999||||xx |||||||||||||| ||und|| | ||
| 040 | _coclc | ||
| 082 |
_a658.8 _bVAR/M |
||
| 100 |
_aVarma, M M _9585 |
||
| 245 | 0 |
_aMarketing Management / _cM M Varma ;R K Agarwal |
|
| 260 |
_bKing`S Books, _aDelhi: _c2005. |
||
| 300 | _a445p | ||
| 942 |
_cBK _2ddc _h658.8 _iVAR/M _k658.8 _mVAR/M |
||